| 000 | 00441nam a2200181Ia 4500 | ||
|---|---|---|---|
| 001 | 916 | ||
| 005 | 20260306140553.0 | ||
| 008 | 260306t2008||||xx |||||||||||||| ||spa|| | ||
| 041 | _aESP | ||
| 082 |
_a174.2 _bP39 |
||
| 100 |
_aPellegrino, Edmund D., _eAUT |
||
| 245 | 0 | _aLas virtudes cristianas en la práctica médica | |
| 260 | _c2008 | ||
| 300 |
_a171 páginas : _c24 cm. |
||
| 650 | _aGEN | ||
| 654 | _aCCS | ||
| 942 |
_cLIB _dJUS _fJUS _2ddc _n |
||
| 999 |
_c916 _d916 |
||